|
|
|
|
| LEADER |
02966nam a2200697 a 4500 |
| 001 |
nkc20092026776 |
| 003 |
CZ PrNK |
| 005 |
20100406154713.0 |
| 007 |
ta |
| 008 |
100210s2009 xr ac e c 000 0deng |
| 015 |
|
|
|a cnb002026776
|
| 020 |
|
|
|a 978-80-7035-426-1
|q (brož.)
|
| 035 |
|
|
|a (OCoLC)607525768
|
| 040 |
|
|
|a ABA001
|b cze
|
| 041 |
1 |
|
|a eng
|h cze
|
| 043 |
|
|
|a e-xr---
|b e-xr-pg
|2 czenas
|
| 045 |
|
|
|a v9x1
|
| 072 |
|
7 |
|a 72/76
|x Výtvarné umění
|2 Konspekt
|9 21
|
| 080 |
|
|
|a 75
|2 MRF
|
| 080 |
|
|
|a 730
|2 MRF
|
| 080 |
|
|
|a 745/749.05
|2 MRF
|
| 080 |
|
|
|a 72/76:069.5
|2 MRF
|
| 080 |
|
|
|a (437.3)
|2 MRF
|
| 080 |
|
|
|a (437.311)
|2 MRF
|
| 080 |
|
|
|a (083.81)
|2 MRF
|
| 080 |
|
|
|a (036)
|2 MRF
|
| 100 |
1 |
|
|a Blažíčková-Horová, Naděžda,
|d 1942-
|7 jn20000400196
|4 aut
|4 edt
|
| 245 |
1 |
0 |
|a 19th-century art in Bohemia :
|b (1790-1910) - painting, sculpture, decorative arts : exhibition guide : National Gallery in Prague, St George's Convent at Prague Castle /
|c Naděžda Blažíčková-Horová (ed.) ; [authors of the text Naděžda Blažíčková-Horová, Šárka Leubnerová, Tomáš Sekyrka ; translation Dagmar Steinová]
|
| 246 |
3 |
|
|a Nineteenth century art in Bohemia
|
| 260 |
|
|
|a Prague :
|b National Gallery,
|c 2009
|
| 300 |
|
|
|a 191 s. :
|b il. (převážně barev.), portréty ;
|c 21 cm
|
| 500 |
|
|
|a Přeloženo z češtiny
|
| 504 |
|
|
|a Obsahuje bibliografické odkazy
|
| 610 |
2 |
7 |
|a Národní galerie (Praha, Česko)
|7 kn20010709071
|2 czenas
|
| 610 |
2 |
7 |
|a Klášter sv. Jiří (Praha, Česko)
|7 kn20060121024
|2 czenas
|
| 648 |
|
4 |
|a 1790-1910
|
| 650 |
0 |
7 |
|a malířství
|7 ph122599
|z Česko
|y 18.-20. století
|2 czenas
|
| 650 |
0 |
7 |
|a sochařství
|7 ph125738
|z Česko
|y 18.-20. století
|2 czenas
|
| 650 |
0 |
7 |
|a užité umění
|7 ph116551
|z Česko
|y 18.-20. století
|2 czenas
|
| 650 |
0 |
7 |
|a umělecké sbírky
|7 ph135222
|z Česko
|2 czenas
|
| 650 |
0 |
9 |
|a painting
|z Czechia
|y 18th-20th centuries
|2 eczenas
|
| 650 |
0 |
9 |
|a sculpture
|z Czechia
|y 18th-20th centuries
|2 eczenas
|
| 650 |
0 |
9 |
|a applied arts
|z Czechia
|y 18th-20th centuries
|2 eczenas
|
| 650 |
0 |
9 |
|a art collections
|z Czechia
|2 eczenas
|
| 651 |
|
7 |
|a Praha (Česko)
|7 ge118011
|2 czenas
|
| 651 |
|
9 |
|a Prague (Czechia)
|2 eczenas
|
| 655 |
|
7 |
|a katalogy
|7 fd132535
|2 czenas
|
| 655 |
|
7 |
|a průvodce
|7 fd133154
|2 czenas
|
| 655 |
|
9 |
|a catalogs
|2 eczenas
|
| 655 |
|
9 |
|a guidebooks
|2 eczenas
|
| 700 |
1 |
|
|a Leubnerová, Šárka,
|d 1962-
|7 mzk2005299263
|4 aut
|
| 700 |
1 |
|
|a Sekyrka, Tomáš,
|d 1966-
|7 ola2003201069
|4 aut
|
| 710 |
2 |
|
|a Klášter sv. Jiří (Praha, Česko)
|7 kn20060121024
|
| 765 |
0 |
|
|t Umění 19. století v Čechách
|9 Anglicky
|
| 856 |
4 |
1 |
|u http://www.digitalniknihovna.cz/mzk/uuid/uuid:6b499230-2ea6-11e4-8f64-005056827e52
|y Digitalizovaný dokument
|x NDK
|
| 910 |
2 |
|
|a BOA001
|b 2-1238.503
|
| 928 |
9 |
|
|a Národní galerie v Praze
|
| 990 |
|
|
|a BK
|
| 995 |
|
|
|a 01
|
| 991 |
|
|
|b 201003
|c NOV
|
| 996 |
6 |
|
|b 2610411399
|c 2-1238.503
|l MZK
|r Sklad / do 1 hodiny
|n 3
|p p.v.
|w 001109282
|u 000010
|a 1
|e BOA001
|j MZK50
|s P
|